[Event "World Team-ch Women 2019"]
[Site "Astana"]
[Date "2019.03.11"]
[Round "6.9"]
[White "Danielian, Elina"]
[Black "Muzychuk, Mariya"]
[Result "1/2-1/2"]
[WhiteElo "2402"]
[BlackElo "2560"]
[Annotator "TA"]
[PlyCount "199"]
[EventDate "2019.02.05"]
[EventType "team-tourn"]
[EventCountry "KAZ"]
[SourceTitle "playchess.com"]
[Source "ChessBase"]
[SourceQuality "1"]
[WhiteTeam "Armenia"]
[BlackTeam "Ukraine"]
[WhiteTeamCountry "ARM"]
[BlackTeamCountry "UKR"]

{[%evp 18,199,18,29,44,0,45,14,35,12,65,68,68,67,66,59,79,71,83,46,55,15,15,12,17,0,11,0,0,0,0,0,15,8,15,0,0,0,0,0,0,0,0,0,0,0,0,0,27,12,10,4,4,6,2,0,0,0,0,-8,0,0,17,0,0,0,0,0,10,10,10,10,10,10,10,10,10,10,10,10,10,11,12,10,16,10,10,10,10,10,10,10,10,0,0,0,0,0,0,0,0,0,0,0,0,0,0,0,0,0,0,0,0,0,0,0,0,0,0,0,0,0,0,0,0,0,0,0,0,0,0,0,0,0,0,0,0,0,0,0,0,0,0,0,0,0,0,0,0,0,0,0,0,0,0,0,0,0,0,0,0,0,0,0,0,0,0,0,0,0,0,0,0,0,0,0,0,0,0,0,0,0,0,0]} 1. d4 Nf6 2. c4 g6 3. g3 c6 4. Bg2 d5 5. Qa4 Nbd7 6. cxd5 Nb6 7. Qb3 cxd5 8. Nc3 Bg7 9. Nf3 O-O 10. O-O Bf5 {D78: Fianchetto Grünfeld: 6 0-0 c6} (10... Ne4 11. a4 Bf5 12. Ne5 Nxc3 13. bxc3 Bxe5 14. dxe5 Be6 15. Bh6 Re8 16. a5 Nc4 17. Qxb7 Nxa5 18. Qb5 {½-½ (29) Bluebaum,M (2643)-Levin,F (2474) Germany 2017}) 11. a4 Rc8 $146 ({Predecessor:} 11... Ne4 12. Ne5 a5 13. Rd1 h5 14. Bf4 Rc8 15. Bxe4 Bxe4 16. Nxe4 dxe4 17. Nxg6 Re8 18. Be5 {1-0 (34) Spalir,J (2363)-Solmajer,L (2010) Ljubljana 2018}) 12. Bf4 Ne4 13. Rfc1 Nc4 (13... e6 $11) 14. Qxb7 $14 {[%mdl 64] [#] Double Attack} Na5 15. Qb4 ({Much worse is} 15. Qxa7 $6 Nb3 $11) 15... Nc6 16. Qb5 Nxd4 17. Nxd4 Bxd4 18. Nxe4 dxe4 19. Rxc8 Qxc8 20. Rc1 Qe6 21. e3 Bg7 22. h4 h6 23. Qb7 Qf6 24. Rc5 Qxb2 25. Qxb2 Bxb2 26. Bxh6 Rd8 27. h5 Rd1+ 28. Kh2 Rd2 29. Kg1 Rd1+ 30. Kh2 Rd2 31. hxg6 Bxg6 32. Kg1 Bf6 33. Bf4 Ra2 {The position is equal.} 34. a5 e6 35. Bb8 Be7 36. Rb5 a6 37. Rb7 Bd8 38. Bd6 Bxa5 39. Be5 {[#] Intending Rb8+ and mate.} Rd2 (39... Kh7 {feels hotter.} 40. Bh3 Kh6 41. Bf4+ Kh5 42. g4+ Kh4) 40. Bf6 Kh7 41. Ra7 Bd8 42. Bd4 a5 43. Ra8 Rd1+ 44. Kh2 Rxd4 45. exd4 $11 {[%mdl 4096] Endgame KRB-KB} Bb6 46. Kg1 Bxd4 47. Rxa5 e3 48. fxe3 Bxe3+ 49. Kh2 Kg7 50. Bf3 Kf6 51. Bh5 (51. Be2 {is interesting.} Bd4 52. Kh3 e5 53. Kh4 Kg7 54. g4) 51... Bxh5 52. Rxh5 {KR-KB} Kg6 53. Ra5 (53. Rb5 {seems wilder.} Bd4 54. Kh3 f5 55. Ra5 Kf6 56. Ra4) 53... Bd4 54. Kg2 e5 55. g4 f5 56. gxf5+ Kxf5 57. Kf3 Bc3 58. Ra8 Bd4 59. Rf8+ Ke6 60. Ke4 Kd6 61. Rf6+ Kc5 62. Rh6 Bc3 63. Rh8 Bd4 64. Rc8+ Kd6 65. Rc1 Bb2 66. Rc2 Bd4 67. Rc8 Bb2 68. Rd8+ Kc5 69. Rd5+ Kc6 70. Rd8 Bd4 71. Kd3 Kc5 72. Ke4 Kc6 73. Ra8 {aiming for Rh8.} Kc5 74. Kd3 Kd5 75. Rd8+ Kc5 76. Ke4 Kc6 77. Rd5 Bc3 78. Rd1 {Rc1 would kill now.} Bd4 79. Rd2 {Hoping for Rg2.} Kc5 80. Rh2 Kd6 81. Rc2 Bc5 82. Rc4 {Rc3 is the strong threat.} Bd4 83. Ra4 Kc6 84. Ra5 {And now Ra3 would win.} Bc3 85. Ra6+ Kc5 86. Kd3 Bd4 87. Ra5+ Kd6 88. Kc4 Ke6 89. Ra6+ Kf5 90. Kd5 Kf4 91. Rh6 Kf5 92. Rh1 Kf4 93. Rf1+ Ke3 94. Rf8 Bc3 95. Rh8 Bd4 96. Rh4 {Threatens to win with Rh6.} Kf3 97. Rh7 {Black must now prevent Rh4.} Kf4 98. Rf7+ Ke3 99. Rf8 {Strongly threatening Rh8.} Bc3 100. Re8 {Accuracy: White = 54%, Black = 68%.} 1/2-1/2

[Event "World Team-ch Women 2019"]
[Site "Astana"]
[Date "2019.03.11"]
[Round "6.10"]
[White "Muzychuk, Anna"]
[Black "Mkrtchian, Lilit"]
[Result "1-0"]
[WhiteElo "2555"]
[BlackElo "2390"]
[Annotator "TA"]
[PlyCount "99"]
[EventDate "2019.02.05"]
[EventType "team-tourn"]
[EventCountry "KAZ"]
[SourceTitle "playchess.com"]
[Source "ChessBase"]
[SourceQuality "1"]
[WhiteTeam "Ukraine"]
[BlackTeam "Armenia"]
[WhiteTeamCountry "UKR"]
[BlackTeamCountry "ARM"]

{[%evp 16,99,11,10,10,5,12,0,0,0,20,19,25,29,15,25,42,25,34,29,76,68,68,43,51,49,56,58,58,54,65,74,71,31,32,32,33,16,36,18,18,18,23,18,58,0,0,0,0,0,13,8,14,12,102,28,50,23,89,75,70,64,69,60,186,185,190,190,292,300,291,270,308,325,322,284,298,256,305,305,297,296,345,318,1061,1061]} 1. e4 e6 2. d4 d5 3. Nc3 Nf6 4. e5 Nfd7 5. f4 c5 6. Nf3 Nc6 7. Be3 a6 8. a3 cxd4 9. Nxd4 Bc5 {C11: French: Classical System: 4 e5 and 4 Bg5 dxe4} 10. Qd2 O-O 11. Qf2 $146 ({Predecessor:} 11. g3 Bxd4 12. Bxd4 b5 13. Bf2 Bb7 14. Bg2 Qc7 15. O-O Rfc8 16. Rfe1 Ne7 17. Rac1 {½-½ (33) Svidler,P (2749)-Potkin,V (2651) Moscow 2012}) 11... Qb6 {The position is equal.} 12. O-O-O Nxd4 13. Bxd4 Bxd4 14. Qxd4 Qxd4 15. Rxd4 Nb8 16. g3 Nc6 17. Rd1 g5 18. Bd3 Bd7 19. Rde1 f6 20. exf6 gxf4 $1 21. gxf4 Rxf6 22. f5 Rd8 23. fxe6 Bxe6 24. Ne2 Kh8 25. Ng3 Rdf8 26. Rhg1 Rh6 27. Rg2 Nd4 28. Re3 Rff6 29. c3 Nf3 30. Rf2 (30. Ree2 $14) 30... Nxh2 $11 31. Rxf6 Rxf6 32. Nh5 Rh6 33. Nf4 Bg8 34. Re8 Rd6 (34... Ng4 $11) 35. Bf5 (35. Be2 $16) 35... Kg7 $1 36. Nh5+ Kh6 (36... Kf7 $11 {remains equal.} 37. Re2 Nf3) 37. Rxg8 $16 {[#] Threatens to win with Ng3.} Kxh5 38. Bxh7 {[%mdl 4096] Endgame KRB-KRN} Ng4 39. Rg7 b6 ({Better is} 39... b5 $14) 40. Bd3 $18 Ne5 41. Bxa6 d4 (41... Kh6 $142 42. Rg2 d4) 42. cxd4 Rxd4 43. Re7 Nd7 {[#]} 44. Re6 $1 Rd5 45. Kb1 b5 46. Re3 Rg5 47. Rh3+ Kg6 48. Rb3 Nc5 49. Rxb5 Nxa6 $2 (49... Kf6 50. Ra5 Rg1+ 51. Ka2 Ne4) 50. Rb6+ {[%mdl 64] Double Attack. Accuracy: White = 64%, Black = 39%.} 1-0

[Event "World Team-ch Women 2019"]
[Site "Astana"]
[Date "2019.03.11"]
[Round "6.11"]
[White "Sargsyan, Anna M."]
[Black "Gaponenko, Inna"]
[Result "1/2-1/2"]
[WhiteElo "2340"]
[BlackElo "2427"]
[Annotator "TA"]
[PlyCount "132"]
[EventDate "2019.02.05"]
[EventType "team-tourn"]
[EventCountry "KAZ"]
[SourceTitle "playchess.com"]
[Source "ChessBase"]
[SourceQuality "1"]
[WhiteTeam "Armenia"]
[BlackTeam "Ukraine"]
[WhiteTeamCountry "ARM"]
[BlackTeamCountry "UKR"]

{[%evp 12,132,51,29,34,17,25,20,20,-6,14,15,37,37,35,39,40,35,33,18,39,20,43,33,32,34,34,34,60,10,33,-6,15,10,8,10,5,-23,-41,-35,-27,-27,-31,-35,-43,-45,-27,-146,-129,-132,-35,-24,0,0,0,0,0,0,0,0,0,0,0,0,0,-11,37,-10,-10,-10,-18,-18,-10,-10,0,0,0,-20,-14,-25,-25,-25,-24,-46,-45,-59,-59,-134,-14,-14,-8,-8,-8,-8,-8,-8,0,0,0,0,0,0,0,0,0,0,0,0,0,0,0,0,0,-8,-8,-8,-8,-8,-8,-8,0,0,0]} 1. d4 d6 2. Nf3 g6 3. g3 Bg7 4. Bg2 Nd7 5. O-O e5 6. e4 Ne7 7. Nc3 O-O {A41: 1 d4 d6: Tartakower System and Modern Defence} 8. Re1 exd4 9. Nxd4 Nc6 10. Nce2 $146 ({Predecessor:} 10. Nf3 h6 11. Nd5 Re8 12. c3 a5 13. Be3 a4 14. Qc2 Nf6 15. Nxf6+ Qxf6 {0-1 (39) Demircioglu,E (2244)-Asadli,V (2478) Ankara 2018}) 10... Nde5 11. c3 Bg4 12. f3 Nxd4 13. Nxd4 Bd7 14. f4 Nc6 15. Be3 Re8 16. h3 Na5 {[%cal Bc6a5,Ba5b7,Bb7d8,Bd8e6,Be6g5][%mdl 32]} 17. Bf2 c5 18. Nc2 Bc6 19. Qd3 b5 20. Re2 Rc8 21. Rae1 Nb7 22. g4 Qa5 23. a3 Qa4 24. e5 {[#] And now Bxc6 would win.} Bxg2 25. Kxg2 {Qd5 is the strong threat.} dxe5 26. fxe5 Nd8 27. Qf3 Ne6 28. Bg3 Qa6 {[#] White must now prevent ...Ng5.} 29. Rd2 (29. Bh4 $11 {keeps the balance.}) 29... Ng5 $17 30. Qd5 Qb6 ({Better is} 30... Bf8 $17 31. Ne3 c4) 31. Red1 $1 $15 Ne6 {aiming for ...Red8.} 32. h4 Red8 33. Qf3 Rxd2+ 34. Rxd2 Rd8 35. Rd6 Qb8 36. Ne3 Bf8 {[%cal Rd8d6]} 37. Rxd8 Qxd8 38. Nd5 h6 39. b3 Be7 40. c4 bxc4 41. bxc4 Kg7 42. h5 Bg5 43. hxg6 fxg6 44. Qb3 Qf8 45. a4 h5 46. gxh5 gxh5 47. Qd3 Qf7 48. Kh3 Qg6 49. Qf1 (49. Qxg6+ $15 Kxg6 50. Nc3) 49... Qc2 ({Black should try} 49... Nd4 $17 50. Nf6 a6) 50. Nf6 $1 $11 {The position is equal.} Kg6 {Threatens to win with ...Nf4+!} 51. Qf3 Qf5+ 52. Qxf5+ Kxf5 53. Nxh5 {[%mdl 4096] Endgame KBN-KBN} Bd8 54. Nf6 Ng5+ 55. Kg2 Bxf6 56. exf6 Kxf6 {KB-KN} 57. Bb8 a6 58. Ba7 Ne4 {Strongly threatening ...Ke5.} 59. Kf3 Nd2+ 60. Ke2 Nxc4 61. Bxc5 Ke5 62. Bf8 Kd5 63. Kd3 Nb2+ 64. Kc2 Nxa4 65. Kb3 $1 {[%cal Rb3a4]} Nc5+ 66. Bxc5 Kxc5 {Accuracy: White = 51%, Black = 58%.} 1/2-1/2

[Event "World Team-ch Women 2019"]
[Site "Astana"]
[Date "2019.03.11"]
[Round "6.12"]
[White "Buksa, Nataliya"]
[Black "Gevorgyan, Maria"]
[Result "1/2-1/2"]
[WhiteElo "2416"]
[BlackElo "2264"]
[Annotator "TA"]
[PlyCount "83"]
[EventDate "2019.02.05"]
[EventType "team-tourn"]
[EventCountry "KAZ"]
[SourceTitle "playchess.com"]
[Source "ChessBase"]
[SourceQuality "1"]
[WhiteTeam "Ukraine"]
[BlackTeam "Armenia"]
[WhiteTeamCountry "UKR"]
[BlackTeamCountry "ARM"]

{[%evp 15,83,52,56,50,66,47,46,35,45,44,57,50,133,120,172,144,137,74,81,88,80,91,102,57,64,57,55,-50,95,82,89,95,87,91,81,82,89,82,89,104,246,127,196,197,214,193,291,210,235,210,315,310,285,99,91,86,75,46,38,15,47,17,11,11,33,0,7,0,32,0]} 1. e4 c5 2. Nf3 e6 3. d4 cxd4 4. Nxd4 a6 5. Nc3 b5 6. Bd3 Qc7 7. O-O {B43: Sicilian: Kan Variation: 5 Nc3} Bc5 (7... Nf6 8. Re1 Bb7 9. e5 Nd5 10. Nxd5 Bxd5 11. a4 b4 12. Bd2 Nc6 13. Nf3 h6 14. Rc1 Bc5 15. c4 Bxf3 16. Qxf3 Rc8 {1-0 (41) Cornette,M (2620)-Hjartarson,J (2513) Reykjavik 2018}) 8. Nb3 Be7 {LiveBook: 7 Games} 9. Qg4 {[#] Bf4 is the strong threat.} g6 10. Qe2 d6 11. a4 b4 12. Na2 Nc6 13. Bd2 a5 $146 (13... Qb6 $14) ({Predecessor:} 13... Qb7 14. c3 bxc3 15. bxc3 Nf6 16. Rab1 O-O 17. f4 Nd7 18. Kh1 Qc7 19. Nb4 Na5 20. Nxa5 Qxa5 21. Nc6 {1-0 (21) Berzinsh,R (2454)-Janz,F (2376) Cork 2005}) 14. c3 {[%cal Rc3b4]} bxc3 (14... Bd7 $16) 15. Bxc3 Nf6 16. Rac1 (16. Rfc1 $142) 16... Bd7 17. Bb5 Qb6 18. Rfd1 {[#] Strongly threatening Bxf6.} e5 19. Nd2 O-O 20. Nc4 Qb8 21. Qe3 (21. h3 $14) 21... Nb4 (21... Be6 $1 $15 {stays ahead.}) 22. Nxb4 $16 Bxb5 23. axb5 axb4 24. Bxb4 Qxb5 25. Bxd6 Bxd6 26. Rxd6 Rfc8 {Hoping for ...Qxc4.} 27. b3 (27. Rxf6 Qxc4 28. Rd1 Qc2 $11) 27... Nd7 (27... Rab8 $16) 28. Rd5 ({White should try} 28. Rcd1 $18) 28... Qb7 (28... Rc5 $16) 29. h3 $18 Rc7 30. Rcd1 Rb8 (30... Nf6 {was necessary.}) 31. R1d3 ({But not} 31. Nxe5 $6 Nxe5 32. Rxe5 Rcc8 $18) 31... Kg7 32. Qg3 Nf6 (32... Nc5 $142) 33. Qxe5 Re7 34. Qc3 $2 (34. Qb2 $18 {has better winning chances.}) 34... Qb4 $16 35. Qxb4 Rxb4 36. R5d4 {Black must now prevent e5.} Rxe4 37. Rd8 Re1+ 38. Kh2 Ne4 39. Rf3 Ng5 40. Rfd3 Ne4 41. Rf3 Ng5 42. Rfd3 {Precision: White = 34%, Black = 43%.} 1/2-1/2

[Event "World Team-ch Women 2019"]
[Site "Astana"]
[Date "2019.03.11"]
[Round "6.13"]
[White "Wafa, Shahenda"]
[Black "Khotenashvili, Bela"]
[Result "0-1"]
[WhiteElo "2175"]
[BlackElo "2474"]
[Annotator "TA"]
[PlyCount "80"]
[EventDate "2019.02.05"]
[EventType "team-tourn"]
[EventCountry "KAZ"]
[SourceTitle "playchess.com"]
[Source "ChessBase"]
[SourceQuality "1"]
[WhiteTeam "Egypt"]
[BlackTeam "Georgia"]
[WhiteTeamCountry "EGY"]
[BlackTeamCountry "GEO"]

{[%evp 14,80,33,33,35,34,33,34,38,33,54,40,36,38,27,7,16,-23,-58,-102,-101,-108,-100,-147,-139,-177,-178,-182,-179,-175,-167,-181,-177,-213,-211,-221,-217,-194,-214,-210,-201,-233,-219,-241,-243,-255,-247,-250,-240,-266,-260,-349,-349,-319,-320,-723,-733,-764,-755,-886,-850,-5235,-572,-929,-921,-29996,-29997,-29997,-29998]} 1. e4 c6 2. d4 d5 3. Nc3 dxe4 4. Nxe4 Nf6 5. Nxf6+ exf6 6. c3 Bd6 7. Bd3 O-O 8. Qc2 Re8+ {B15: Caro-Kann: 3 Nc3: 3...g6 and 3...dxe4 4 Nxe4 Nf6 5 Nxf6+ exf6} 9. Ne2 (9. Be3 h6 10. Ne2 Na6 11. O-O Nc7 12. c4 Bg4 13. h3 Bxe2 14. Bxe2 Ne6 15. Rad1 Qc7 16. Bg4 Rad8 17. Rfe1 Bf4 18. Bxf4 Nxf4 19. Rxe8+ Rxe8 {½-½ (58) Svidler,P (2756)-Carlsen,M (2839) Porto Carras 2018}) 9... h5 10. O-O h4 {White is slightly better.} 11. h3 Nd7 12. c4 Nf8 13. Be3 {[#]} Bb8 $146 ({Predecessor:} 13... Bc7 14. Rad1 Qd6 15. Bf4 Rxe2 16. Bxd6 Rxc2 {½-½ (56) Kanmazalp,O (2473)-Motylev,A (2669) Batumi 2018}) 14. Qc3 Ng6 {[#] Threatens to win with ...Qd6.} 15. Bxg6 fxg6 16. d5 cxd5 $40 {[%mdl 128] Black goes for the king.} 17. cxd5 Qxd5 18. Nf4 Qf7 19. Qb3 g5 20. Qxf7+ Kxf7 21. Nd5 Be6 22. Nc3 Be5 23. f4 gxf4 24. Bxf4 Bc4 25. Rf3 Bd4+ 26. Kh1 Rad8 27. Rd1 Bb6 28. Rxd8 Re1+ ({Resist} 28... Rxd8 29. Be3) 29. Kh2 {Rd7+ is the strong threat.} Bxd8 30. b3 Be6 31. g3 hxg3+ 32. Bxg3 Rc1 33. Bf4 Rc2+ 34. Kg3 $2 (34. Kg1) 34... Ba5 $19 35. Be5 Kg6 36. Bd4 Bc7+ 37. Kh4 Rd2 (37... Rg2 $142 {( -> ...Rg5)} 38. Ne4 f5 39. Nf6 gxf6 40. Be3 Bd5 41. Bf4 Bxf3 42. Bxc7 Rxa2 43. Bd6 a5 44. Kg3 Bd5 45. h4 Bxb3 46. Kf4 Ra4+ 47. Kg3 Rg4+ 48. Kf3 a4 49. h5+ Kxh5 50. Ke2 Bd5 51. Bf8 b5 52. Kd3 b4 53. Bc5 a3 54. Bd4 {[#]} Rxd4+ $1 {[%mdl 576] Promotion} 55. Kxd4 a2 56. Kc5 b3 57. Kxd5 a1=Q 58. Ke6 b2 59. Kxf6 b1=Q+ 60. Ke6 Qb6+ 61. Ke7 Qaf6+ 62. Ke8 Qbe6#) 38. Nb5 Bh2 39. Rf2 Rxf2 40. Bxf2 Kh6 {Accuracy: White = 31%, Black = 87%.} 0-1

[Event "World Team-ch Women 2019"]
[Site "Astana"]
[Date "2019.03.11"]
[Round "6.14"]
[White "Arabidze, Meri"]
[Black "Moaataz, Ayah"]
[Result "1/2-1/2"]
[WhiteElo "2392"]
[BlackElo "2036"]
[Annotator "TA"]
[PlyCount "81"]
[EventDate "2019.02.05"]
[EventType "team-tourn"]
[EventCountry "KAZ"]
[SourceTitle "playchess.com"]
[Source "ChessBase"]
[SourceQuality "1"]
[WhiteTeam "Georgia"]
[BlackTeam "Egypt"]
[BlackTeamCountry "EGY"]

{[%evp 24,81,25,18,28,19,14,20,23,21,20,0,0,0,0,0,0,0,0,-18,-13,-13,0,0,0,-10,-18,-31,0,0,0,0,0,-7,0,0,0,0,0,0,0,0,0,0,5,5,5,6,9,0,0,0,0,0,0,0,2,0,0,0]} 1. d4 d5 2. c4 e6 3. Nc3 Nf6 4. Nf3 Be7 5. Bg5 h6 6. Bh4 O-O 7. e3 b6 8. Be2 Bb7 9. Bxf6 Bxf6 10. cxd5 exd5 11. b4 c5 12. bxc5 bxc5 13. Rb1 Bc6 {D58: Queen's Gambit Declined: Tartakower Defence} 14. O-O Re8 15. Bb5 a6 16. Ba4 {[#] Rxb8! is the strong threat.} Re6 {[#]} 17. Qc2 $146 ({Predecessor:} 17. Qd3 Bxa4 18. Nxa4 cxd4 19. Nxd4 Bxd4 20. Qxd4 Nc6 21. Qc5 {1-0 (66) Banikas,H (2600)-Bulmaga,I (2383) Paleochora 2016}) 17... cxd4 18. exd4 Bxa4 19. Nxa4 Nc6 20. Nc5 Re7 21. Rfd1 Rc8 22. Qa4 a5 23. h3 Rec7 24. Na6 Ra7 25. Qb5 Nb4 26. Nxb4 {The position is equal.} axb4 27. Qxb4 Rxa2 28. Ra1 Rxa1 29. Rxa1 Rb8 30. Qc5 Rc8 31. Qb5 Qd6 32. g3 Qe6 33. Kg2 Qf5 34. Ra5 Rd8 35. Ra3 g6 36. Re3 Kg7 37. Qb7 Qc2 38. Qa7 Qc8 39. Qa5 Qc6 40. Rc3 Qe6 41. Ne5 {Accuracy: White = 78%, Black = 72%.} 1/2-1/2

[Event "World Team-ch Women 2019"]
[Site "Astana"]
[Date "2019.03.11"]
[Round "6.15"]
[White "Elansary, Eman"]
[Black "Batsiashvili, Nino"]
[Result "0-1"]
[WhiteElo "1944"]
[BlackElo "2454"]
[Annotator "TA"]
[PlyCount "76"]
[EventDate "2019.02.05"]
[EventType "team-tourn"]
[EventCountry "KAZ"]
[SourceTitle "playchess.com"]
[Source "ChessBase"]
[SourceQuality "1"]
[WhiteTeam "Egypt"]
[BlackTeam "Georgia"]
[WhiteTeamCountry "EGY"]
[BlackTeamCountry "GEO"]

{[%evp 9,76,38,70,51,54,65,68,48,47,-3,15,13,14,-10,-18,-54,0,0,0,2,4,-22,-7,-24,0,-25,-37,-32,-16,-29,-22,-65,-51,-66,-60,-84,-79,-73,-56,-47,-47,-124,-122,-112,-111,-139,-139,-133,-129,-138,-135,-399,-400,-400,-393,-395,-387,-381,-376,-369,-360,-840,-837,-850,-797,-850,-752,-797,-745]} 1. d4 f5 2. Nf3 g6 3. c3 (3. g3 Nf6 4. Bg2 Bg7 5. c4 O-O 6. Nc3 d6 7. O-O Qe8 8. Re1 Qf7 9. e4 fxe4 10. Ng5 Qxc4 11. Ngxe4 Nxe4 12. Rxe4 Qf7 13. Rf4 Bf6 14. Nd5 g5 15. Rf3 Nc6 16. h3 h6 17. Nxf6+ exf6 {0-1 (71) Bacrot,E (2686)-Ivanchuk,V (2720) Ashdod 2015}) 3... Nf6 4. Bg5 Bg7 5. Nbd2 Ne4 6. Nxe4 {A80: Dutch Defence: Unusual White second moves} (6. h4 {is interesting.} d6 7. Qc2 d5 8. Bf4 Nc6 9. e3) 6... fxe4 7. Nd2 $1 d5 8. f3 $146 {White is slightly better.} ({Predecessor:} 8. e3 O-O 9. Be2 c6 10. O-O Qe8 11. c4 {0-1 (40) Rozhnev,I (2131)-Simakov,A (2084) Gornozavodsk 2007}) 8... exf3 9. exf3 (9. gxf3 {with more complications.} h6 10. Bh4 g5 11. Bf2 O-O 12. e3) 9... O-O 10. Bd3 Qd6 11. Bh4 e5 12. Bg3 Nc6 (12... Qb6 $15) 13. O-O $11 Qf6 14. dxe5 Nxe5 15. Bc2 Qb6+ 16. Kh1 Qxb2 17. Bb3 c6 18. Rc1 $1 Bf5 {And now ...Kh8 would win.} 19. c4 $1 Nxc4 20. Nxc4 dxc4 21. Bxc4+ Kh8 22. Re1 Rfd8 $36 {[%mdl 2048] Black is on the roll.} 23. Qb3 Qxb3 24. Bxb3 Bf6 25. Be5 (25. Bf2 $15) 25... Bxe5 $17 26. Rxe5 Re8 27. Rce1 Rxe5 28. Rxe5 {[%mdl 4096] Endgame KRB-KRB} Bd7 29. Kg1 Re8 30. f4 $2 {[%mdl 8192] [#]} (30. Ra5 $17) 30... Rxe5 $19 31. fxe5 {KB-KB} Kg7 32. Kf2 Kf8 33. Ke3 Ke7 34. a3 c5 35. Bd5 $2 {[#]} (35. a4 b6 36. g3) 35... b5 {Black is clearly winning.} 36. Kd3 a5 37. Kc3 b4+ 38. axb4 cxb4+ {Accuracy: White = 32%, Black = 96%.} 0-1

[Event "World Team-ch Women 2019"]
[Site "Astana"]
[Date "2019.03.11"]
[Round "6.16"]
[White "Melia, Salome"]
[Black "Ehab, Tasneem"]
[Result "1-0"]
[WhiteElo "2385"]
[BlackElo "1841"]
[Annotator "TA"]
[PlyCount "77"]
[EventDate "2019.02.05"]
[EventType "team-tourn"]
[EventCountry "KAZ"]
[SourceTitle "playchess.com"]
[Source "ChessBase"]
[SourceQuality "1"]
[WhiteTeam "Georgia"]
[BlackTeam "Egypt"]
[WhiteTeamCountry "GEO"]
[BlackTeamCountry "EGY"]

{[%evp 9,77,14,80,84,91,81,83,72,75,62,145,142,162,84,89,84,74,76,94,56,125,12,26,18,72,28,38,23,25,32,28,28,119,107,416,412,392,358,399,388,342,229,306,307,276,227,264,264,326,237,208,223,212,146,235,0,178,64,105,60,72,98,347,245,164,181,162,81,151,146]} 1. e4 c5 2. Nf3 g6 3. c3 d5 4. e5 Bg7 5. d4 c4 (5... a6 $11 {remains equal.}) (5... Bg4 6. Bb5+ Nc6 7. Bxc6+ bxc6 8. Nbd2 cxd4 9. cxd4 e6 10. O-O Ne7 11. h3 Bxf3 12. Nxf3 O-O 13. b3 c5 14. dxc5 Nc6 15. Bf4 Qa5 16. Re1 Qxc5 17. Rc1 {0-1 (33) Chuchelov,V (2603)-Hracek,Z (2578) Germany 2004}) 6. b3 $16 {B06: Modern Defence} cxb3 $146 ({Predecessor:} 6... b5 7. a4 Qa5 8. b4 Qa6 9. Be2 Bd7 10. a5 Nh6 11. Nh4 Nc6 12. f4 f5 13. h3 {1-0 (40) Dochev,D-Ivanov,O (1833) Sofia 2010}) 7. axb3 Nc6 8. h3 {White is better.} Bd7 9. Bd3 Qb6 (9... f6 $14) 10. O-O f6 {[%cal Rf6e5]} 11. exf6 ({Better is} 11. Re1 $18) 11... Nxf6 12. b4 O-O 13. b5 Nd8 14. Qe2 Nf7 {[#]} (14... Nh5 $14) 15. Nbd2 ({Reject} 15. Qxe7 $6 Bxb5 16. Bxb5 Qxb5 $11) ({White should try} 15. c4 $1 $16) 15... Nh5 $11 16. Qxe7 Nf4 (16... Rfe8 $1 $11 17. Qxd7 Nf6 18. Qxe8+ Nxe8) 17. Qxd7 {And now Ne1 would win.} (17. Nc4 $5 {[%cal Rc4b6]} Nxh3+ 18. gxh3 dxc4 19. Bxc4 (19. Qxd7 cxd3 20. Qd5 Qc7 $11) 19... Bxh3 20. Re1 $11) 17... Rad8 18. Qe7 {Strongly threatening Bc2.} Nxd3 19. Qa3 Qxb5 20. Qxa7 Nxc1 (20... Qc6 $11) 21. Rfxc1 $16 Ra8 $2 {[%mdl 8192]} (21... Bh6 $16) 22. Qxa8 $18 Rxa8 23. Rxa8+ Bf8 24. Re1 Kg7 25. Ne5 Nd6 {and the idea ...Qb2 leaves Black hopeful.} 26. Ndf3 {[#] aiming for Ng5.} Ne4 27. Rc8 Qb2 28. Rc7+ Kg8 29. Rf1 Nxc3 30. Ng4 Ne4 31. Ne3 Nc3 (31... Qb5 $16 32. Ng4 h5) 32. Ng4 {Intending Nf6+ and mate.} Ne4 $1 33. Rcc1 (33. Rd7 $18) 33... h5 34. Ne3 {Rb1 is the strong threat.} Nc3 $1 {[%cal Rc3e2]} 35. Rc2 Ne2+ $2 (35... Qa3 $16) 36. Kh1 Qb5 37. Re1 Nf4 38. Ne5 (38. Kg1 $18) 38... Qb4 ({Black should play} 38... Bg7) 39. Rd1 {Accuracy: White = 42%, Black = 34%.} 1-0